000 nam a22 7a 4500
999 _c10641
_d10641
008 180220b ||||| |||| 00| 0 eng d
100 _aKumar,R.etal.
_96449
245 _aExcellence in Social Studies-III
260 _aNew Delhi
_bPrachi
_c2012